000 00368nam a2200145Ia 4500
008 230312s9999||||xx |||||||||||||| ||und||
020 _a9781439078556
082 _a005.369
_bSER-M
100 _aDavis,Hart,Guy
245 0 _aTeach yourself visually Word 2019
260 _bCengage
_aUSA
_c2011
300 _a464
650 _aComputer
_vComputer Programs
942 _cBK
999 _c17488
_d17488